Statistieken voor Top 15 landen met Covid-19 sterfgevallen - 8 mei

Klik hier om de quiz te nemen!

Algemene statistieken

  • Deze quiz is 2 keer genomen
  • De gemiddelde score is 10 van 21

Antwoordstatistieken

land% Correct
China
100%
Nederland
100%
België
50%
Brazilië
50%
Canada
50%
Duitsland
50%
Frankrijk
50%
Italië
50%
Mexico
50%
Portugal
50%
Spanje
50%
Turkije
50%
Verenigde Staten
50%
Verenigd Koninkrijk
50%
Zweden
50%
Zweden
50%
Zwitserland
50%
Denemarken
0%
Ecuador
0%
Ierland
0%
Iran
0%

Scoreverdeling

Percentiel versus Aantal Correcte Antwoorden

Procent van Mensen met Elke Score

Uw Scoregeschiedenis

U heeft deze quiz nog niet genomen